[Event "Philadelphia int op 14th"]
[Site "Philadelphia"]
[Date "2021.06.29"]
[Round "8"]
[White "Taylor, Stewart"]
[Black "Rowe, Duane"]
[Result "1-0"]
[WhiteElo "1939"]
[BlackElo "2157"]
[PlyCount "93"]
[EventDate "2021.06.26"]
[EventType "swiss"]
[EventRounds "9"]
[EventCountry "USA"]
[SourceTitle "CBM 203 Extra"]
[Source "ChessBase"]
[SourceDate "2021.09.30"]
[SourceVersion "1"]
[SourceVersionDate "2021.09.30"]
[SourceQuality "1"]

1. e4 c5 2. Nf3 Nc6 3. d4 cxd4 4. Nxd4 Nf6 5. Nc3 e5 6. Ndb5 d6 7. Bg5 a6 8. Na3 b5 9. Bxf6 gxf6 10. Nd5 Bg7 11. Bd3 Ne7 12. Nxe7 Qxe7 13. c4 f5 14. 0-0 Bb7 15. Qf3 bxc4 16. Nxc4 f4 17. Nb6 Rb8 18. a4 0-0 19. a5 Kh8 20. Rac1 f5 21. Rfe1 Rf6 22. b4 Rg8 23. b5 axb5 24. a6 d5 25. axb7 Rxb6 26. exd5 Qd7 27. Qh3 Qxb7 28. Bxf5 Rh6 29. Qf3 Bf6 30. Be6 Re8 31. Rc6 Qa7 32. Rec1 Qd4 33. Rc8 Bd8 34. Qg4 Rg6 35. Qf5 Qd2 36. R8c2 Qd4 37. Rc8 Rg5 38. Rxd8 Rxf5 39. Rxe8+ Kg7 40. Rg8+ Kh6 41. Bxf5 Qxd5 42. Rgc8 b4 43. h4 Kh5 44. R1c7 h6 45. Rg7 Qd4 46. Rh8 Qb6 47. Kh2 1-0

[Event "Charlotte Carolinas op"]
[Site "Charlotte"]
[Date "2021.06.20"]
[Round "5"]
[White "Taylor, Stewart"]
[Black "Putnam, Liam H"]
[Result "0-1"]
[WhiteElo "1939"]
[BlackElo "2104"]
[PlyCount "116"]
[EventDate "2021.06.18"]
[EventType "swiss"]
[EventRounds "5"]
[EventCountry "USA"]
[SourceTitle "CBM 203 Extra"]
[Source "ChessBase"]
[SourceDate "2021.09.30"]
[SourceVersion "1"]
[SourceVersionDate "2021.09.30"]
[SourceQuality "1"]

1. e4 c5 2. Nf3 d6 3. d4 cxd4 4. Nxd4 Nf6 5. Nc3 Nc6 6. Bg5 e6 7. Qd2 a6 8. 0-0-0 Bd7 9. f4 Be7 10. e5 dxe5 11. Nxc6 Bxc6 12. Qe1 Nd7 13. Ne4 0-0 14. Bd3 f5 15. Bxe7 Qxe7 16. Ng5 h6 17. h4 hxg5 18. hxg5 Kf7 19. Rh7 Ke8 20. g4 e4 21. Bc4 fxg4 22. Qc3 e5 23. g6 Nf6 24. Bf7+ Rxf7 25. gxf7+ Kxf7 26. Qb3+ Kg6 27. f5+ Kxf5 28. Rh2 Kg6 29. Rhd2 Qf7 30. Qg3 Qxa2 31. Rd6 Kf7 32. Qxe5 Re8 33. Rxf6+ gxf6 34. Qh5+ Kf8 35. Qh6+ Ke7 36. Qg7+ Qf7 37. Qxg4 Rd8 38. Rh1 Qg8 39. Qe2 Qg5+ 40. Kb1 Rd2 41. Qc4 Qd5 42. Qb4+ Ke6 43. c4 Qd3+ 44. Ka2 b5 45. Rc1 bxc4 46. Rc3 Qd5 47. Ka1 Rd1+ 48. Ka2 Qb5 49. Qf8 Rd3 50. Qg8+ Kd6 51. Qd8+ Kc5 52. Qxf6 Qa4+ 53. Kb1 Rd1+ 54. Rc1 Rxc1+ 55. Kxc1 Qa1+ 56. Kd2 Qa5+ 57. Kc2 Ba4+ 58. b3 Bxb3+ 0-1

[Event "Charlotte Carolinas op"]
[Site "Charlotte"]
[Date "2021.06.19"]
[Round "3"]
[White "Jacobson, Brandon"]
[Black "Taylor, Stewart"]
[Result "1-0"]
[WhiteElo "2491"]
[BlackElo "1939"]
[PlyCount "79"]
[EventDate "2021.06.18"]
[EventType "swiss"]
[EventRounds "5"]
[EventCountry "USA"]
[SourceTitle "CBM 203 Extra"]
[Source "ChessBase"]
[SourceDate "2021.09.30"]
[SourceVersion "1"]
[SourceVersionDate "2021.09.30"]
[SourceQuality "1"]

1. d4 d5 2. c4 e6 3. Nf3 Nf6 4. g3 dxc4 5. Bg2 b5 6. Ne5 c6 7. a4 Nd5 8. 0-0 Bb7 9. b3 cxb3 10. Qxb3 a6 11. Bb2 Be7 12. Nd2 Nd7 13. Nd3 0-0 14. Rfc1 N7b6 15. a5 Na4 16. Rxa4 bxa4 17. Qxb7 a3 18. Ba1 Qxa5 19. Bxd5 Qxd2 20. Bf3 Bf6 21. Qb4 Qxb4 22. Nxb4 Rab8 23. Nxc6 Rb6 24. Kg2 Rb3 25. h4 g5 26. hxg5 Bxg5 27. d5 exd5 28. Bxd5 Re8 29. Rc2 Rb1 30. Bd4 h5 31. Ne5 Rd8 32. Bxf7+ Kg7 33. Ba2 Rxd4 34. Bxb1 Rb4 35. Ba2 Rb2 36. Rxb2 axb2 37. Nc4 Bc1 38. f4 h4 39. Kh3 hxg3 40. Kxg3 1-0

[Event "Charlotte Carolinas op"]
[Site "Charlotte"]
[Date "2021.06.19"]
[Round "2"]
[White "Taylor, Stewart"]
[Black "Zhao, Erick"]
[Result "1-0"]
[WhiteElo "1939"]
[BlackElo "2039"]
[PlyCount "69"]
[EventDate "2021.06.18"]
[EventType "swiss"]
[EventRounds "5"]
[EventCountry "USA"]
[SourceTitle "CBM 203 Extra"]
[Source "ChessBase"]
[SourceDate "2021.09.30"]
[SourceVersion "1"]
[SourceVersionDate "2021.09.30"]
[SourceQuality "1"]

1. e4 c5 2. Nf3 d6 3. d4 cxd4 4. Nxd4 Nf6 5. Nc3 a6 6. Bg5 e6 7. f4 Be7 8. Qf3 Nbd7 9. 0-0-0 Qc7 10. g4 b5 11. Bxf6 gxf6 12. Bg2 Bb7 13. Rhe1 Rc8 14. Kb1 Nb6 15. Qf2 Qc5 16. e5 Bxg2 17. exd6 Bb7 18. dxe7 Nc4 19. Nxe6 fxe6 20. Rd8+ Kxe7 21. Qxc5+ Rxc5 22. Rxh8 Bf3 23. Rxh7+ Kd6 24. Ra7 Rc6 25. g5 fxg5 26. fxg5 b4 27. Ne2 e5 28. g6 Bd5 29. g7 Kc5 30. Rd1 Rc8 31. Rc7+ Rxc7 32. Rxd5+ Kxd5 33. g8Q+ Kc5 34. Qf8+ Nd6 35. c3 1-0

[Event "Dulles Colonial op 2nd"]
[Site "Dulles"]
[Date "2021.04.03"]
[Round "3"]
[White "Zaloznyy, Mike"]
[Black "Taylor, Stewart"]
[Result "1-0"]
[WhiteElo "1996"]
[BlackElo "1918"]
[PlyCount "99"]
[EventDate "2021.04.02"]
[EventType "swiss"]
[EventRounds "5"]
[EventCountry "USA"]
[SourceTitle "CBM 202 Extra"]
[Source "ChessBase"]
[SourceDate "2021.07.31"]
[SourceVersion "1"]
[SourceVersionDate "2021.07.31"]
[SourceQuality "1"]

1. Nf3 g6 2. c4 Bg7 3. d4 Nf6 4. Nc3 d5 5. Qa4+ Bd7 6. Qb3 dxc4 7. Qxc4 0-0 8. e4 Bg4 9. Be2 Nbd7 10. Bf4 c6 11. Rd1 Rc8 12. 0-0 b5 13. Qb3 a5 14. h3 Be6 15. Qc2 Nb6 16. b3 h6 17. a4 Qd7 18. Be3 b4 19. Nb1 Nxe4 20. Ne5 Qc7 21. Qxe4 Bxb3 22. Rc1 Bd5 23. Qh4 g5 24. Qh5 Nxa4 25. h4 Bxe5 26. dxe5 Qxe5 27. hxg5 hxg5 28. Bxg5 Qg7 29. Bc4 Rfd8 30. Qh4 f6 31. Bxd5+ Rxd5 32. Bh6 Qg6 33. Qh3 Nb6 34. Be3 Nd7 35. Rfd1 Rd8 36. f4 Nb6 37. Rf1 Rd3 38. Qe6+ Qf7 39. Qxf7+ Kxf7 40. Bxb6 Ra8 41. Bc5 Rb8 42. Rc4 Rb5 43. Re1 e6 44. Kf2 a4 45. Re2 Rd1 46. Nd2 b3 47. f5 exf5 48. Re7+ Kg6 49. Nf3 f4 50. Nh4+ 1-0